Guide to negotiable instruments : (Record no. 609)

MARC details
000 -LEADER
fixed length control field 00916nam a2200277 i 4500
001 - CONTROL NUMBER
control field 2326587
003 - CONTROL NUMBER IDENTIFIER
control field OSt
005 - DATE AND TIME OF LATEST TRANSACTION
control field 20110726125334.0
008 - FIXED-LENGTH DATA ELEMENTS--GENERAL INFORMATION
fixed length control field 810122s1980 enkahk 001 0 eng
015 ## - NATIONAL BIBLIOGRAPHY NUMBER
National bibliography number GB80-19672
020 ## - INTERNATIONAL STANDARD BOOK NUMBER
International Standard Book Number 0406509204
Terms of availability £5.95
040 ## - CATALOGING SOURCE
Original cataloging agency DLC
Transcribing agency DLC
Modifying agency DLC
043 ## - GEOGRAPHIC AREA CODE
Geographic area code e-uk---
050 00 - LIBRARY OF CONGRESS CALL NUMBER
Classification number KD1695
Item number .R5 1980
082 00 - DEWEY DECIMAL CLASSIFICATION NUMBER
Classification number 346.096 RIC
Edition number 19
100 1# - MAIN ENTRY--PERSONAL NAME
Personal name Richardson, Dudley.
9 (RLIN) 1764
245 10 - TITLE STATEMENT
Title Guide to negotiable instruments :
Statement of responsibility, etc by Dudley Richardson /
250 ## - EDITION STATEMENT
Edition statement 6th ed.
260 ## - PUBLICATION, DISTRIBUTION, ETC. (IMPRINT)
Place of publication, distribution, etc London :
Name of publisher, distributor, etc Butterworth,
Date of publication, distribution, etc 1991.
300 ## - PHYSICAL DESCRIPTION
Extent ix, 225 p. :
Other physical details ill., facsim., 3 forms ;
Dimensions 22 cm.
500 ## - GENERAL NOTE
General note Includes index.
650 #0 - SUBJECT ADDED ENTRY--TOPICAL TERM
Topical term or geographic name as entry element Negotiable instruments
Geographic subdivision Great Britain.
9 (RLIN) 1765
906 ## - LOCAL DATA ELEMENT F, LDF (RLIN)
a 7
b cbc
c orignew
d 3
e ncip
f 19
g y-gencatlg
942 ## - ADDED ENTRY ELEMENTS (KOHA)
Source of classification or shelving scheme Dewey Decimal Classification
Koha item type Books
Holdings
Withdrawn status Lost status Source of classification or shelving scheme Damaged status Not for loan Home library Current library Shelving location Date acquired Total Checkouts Full call number Barcode Date last seen Price effective from Koha item type
    Dewey Decimal Classification     Law Development Centre Main Library Law Development Centre Main Library Text Books and Laws 04/26/2011   346.096 RIC 2011/3144 04/26/2011 04/26/2011 Books